01015cam a2200313 i 45000010005000000030006000050050017000110080041000280100017000690200033000860200030001190200018001490400028001670500016001950820010002111000026002212450067002472500041003142600035003553000041003904900029004315050007004605200118004675210019005855210018006046500022006226500026006447000031006705963FISKH20250409154859.0130815s2014 nyua c 000 1 eng  a 2013032817 a9780062198457 (library bdg.) a9780062198440 (pbk. bdg.) a9780545796071 aDLCbengcDLCerdadDLC aPZ7.G9846 M a813.61 aGutman, Dan e(1955-)10aMiss Klute is a hoot! /cDan Gutman ; pictures by Jim Paillot. aThis edition first published in 2014 aNew York :bScholastic,c2014. a106 pages :billustrations ;c20 cm.0 aMy weirder school ;v#11 aN  a"Story time goes to the dogs when Ella Mentry School gets a therapy dog to help kids with their reading skills"-- a570 bLexile  aN bRaz-Plus  1aReadingvFiction. 1aLabradoodlevFiction.1 aPaillot, Jimeillustrator.